BTS FYA - Lyrics - Statistics

General Stats
  • This quiz has been taken 8 times
  • The average score is 230 of 308
Answer Stats
Lyrics % Correct
I
100%
on
100%
that
100%
that,
100%
baby
88%
big,
88%
close,
88%
close
88%
crazy
88%
dance
88%
Don't
88%
Everything
88%
everything
88%
fire,
88%
fire
88%
forget
88%
gas,
88%
gasoline
88%
go
88%
Hit
88%
lit,
88%
me
88%
more
88%
one
88%
psycho,
88%
She
88%
stand
88%
sweat
88%
take
88%
Thriller
88%
time
88%
to
88%
wanna
88%
with
88%
you
88%
a
75%
Britney,
75%
can't
75%
Club
75%
it
75%
like
75%
make
75%
might
75%
my
75%
see
75%
slime
75%
Something
75%
too
75%
viral
75%
(Ah-ah-ah-ah)
63%
degrees
63%
hundred
63%
it's
63%
It's
63%
(Oh,
63%
(Oh-oh-oh,
63%
tonight
63%
two
63%
We
63%
(We
63%
what
63%
wild
63%
Yeah
63%
(Yeah),
63%
fiend
50%
flame,
50%
Gimme
50%
(Ha,
50%
ha,
50%
ha)
50%
you're
50%
full
38%
now)
38%
saying,
38%
Burnin'
25%
in
25%
out
25%
right
25%
man)
13%
ragin,'
0%
vibin',
0%
woah)
0%
No matching quizzes found
Score Distribution
Percent of People with Each Score
Percentile by Number Answered
Your Score History
You have not taken this quiz